[Event "Eastern Asia-ch U12"]
[Site "Tornelo INT"]
[Date "2021.10.31"]
[Round "9"]
[White "Ch, Nanda Sai Vinesh"]
[Black "Anurag, Bhattacharjee"]
[Result "0-1"]
[WhiteElo "1209"]
[BlackElo "1075"]
[PlyCount "156"]
[EventDate "2021.10.29"]
[EventType "swiss"]
[EventRounds "9"]
[EventCountry "NET"]
[SourceTitle "EXT 2023"]
[Source "ChessBase"]
[SourceDate "2022.10.05"]
[SourceVersion "1"]
[SourceVersionDate "2022.10.05"]
[SourceQuality "1"]

1. d4 d6 2. c4 Nd7 3. Nf3 e5 4. Nc3 c6 5. e3 Be7 6. Bd3 Ngf6 7. 0-0 h6 8. e4 Qc7 9. h3 Nf8 10. d5 g5 11. dxc6 bxc6 12. b3 Ng6 13. Be2 Nf4 14. Qc2 Rg8 15. Bxf4 gxf4 16. Kh2 h5 17. b4 Ng4+ 18. Kh1 Nf6 19. Rac1 Be6 20. a3 Qd7 21. Ng1 Ng4 22. c5 Bh4 23. Nd1 Rc8 24. cxd6 Qxd6 25. Ba6 Rc7 26. Bc4 Bd7 27. Qb3 Qg6 28. Nf3 Nxf2+ 29. Rxf2 Bxf2 30. Bxf7+ Qxf7 31. Qxf7+ Kxf7 32. Nxe5+ Ke6 33. Nxd7 Be3 34. Nxe3 fxe3 35. Nc5+ Ke5 36. Re1 Rg3 37. Kh2 h4 38. Re2 Rf7 39. Kg1 Rfg7 40. Kh2 Re7 41. Kg1 Kd4 42. Kf1 Kc3 43. Ke1 Re8 44. Kf1 Rd8 45. Ke1 Kc4 46. Rc2+ Kb5 47. e5 Re8 48. e6 a5 49. Ne4 Rg6 50. Nd6+ Ka4 51. Nxe8 Rxe6 52. Nc7 Rd6 53. Na6 axb4 54. axb4 Kb5 55. Nb8 Kxb4 56. Ke2 c5 57. Kxe3 c4 58. Rd2 Re6+ 59. Kf2 c3 60. Rd4+ Kb3 61. Nd7 Rc6 62. Ne5 Rf6+ 63. Ke2 c2 64. Nd3 Kc3 65. Re4 Rd6 66. Re3 Kd4 67. Nc1 Rg6 68. Nb3+ Kc4 69. Kf2 Rb6 70. Nc1 Rb1 71. Re1 Kc3 72. Ke2 Rb2 73. Rf1 Rb1 74. Rf3+ Kb2 75. Nd3+ Kc3 76. Nc1+ Kb2 77. Rb3+ Kxc1 78. Rc3 Kb2 0-1

[Event "Eastern Asia-ch U12"]
[Site "Tornelo INT"]
[Date "2021.10.30"]
[Round "4"]
[White "Asadi, Mohammadmobin"]
[Black "Anurag, Bhattacharjee"]
[Result "1-0"]
[WhiteElo "1374"]
[BlackElo "1075"]
[PlyCount "97"]
[EventDate "2021.10.29"]
[EventType "swiss"]
[EventRounds "9"]
[EventCountry "NET"]
[SourceTitle "EXT 2023"]
[Source "ChessBase"]
[SourceDate "2022.10.05"]
[SourceVersion "1"]
[SourceVersionDate "2022.10.05"]
[SourceQuality "1"]

1. e4 e5 2. Nf3 d6 3. d4 Nd7 4. dxe5 dxe5 5. Nc3 c6 6. Bc4 Be7 7. 0-0 h6 8. h3 Ngf6 9. Be3 Qc7 10. Qe2 Nf8 11. Rad1 g5 12. Bb3 Ng6 13. Rfe1 Nf4 14. Bxf4 gxf4 15. Ba4 Rg8 16. Kh2 Bd7 17. Bb3 Rg7 18. a4 0-0-0 19. a5 Rdg8 20. Rg1 h5 21. a6 b6 22. g3 fxg3+ 23. Rxg3 Rxg3 24. fxg3 Kb8 25. Bxf7 Rf8 26. Bb3 Bc5 27. Rf1 Qd6 28. Kg2 Kc7 29. Nh4 Rh8 30. Qd3 Bd4 31. Ne2 Rh7 32. c3 Rg7 33. cxd4 exd4 34. Qf3 Nh7 35. Qf4 Qxf4 36. Nxf4 Ng5 37. Nf5 Rh7 38. Bc2 Rf7 39. h4 Nh7 40. Nxd4 Re7 41. e5 Nf8 42. Re1 c5 43. Nd5+ Kd8 44. Nxe7 Kxe7 45. e6 Bc8 46. Nc6+ Ke8 47. Nxa7 Bxa6 48. e7 Bb7+ 49. Kh2 1-0